Score 0/28 Timer 03:00
1 Play Today
% Correct
DEAF
93.7%
DEAL
92.7%
▪ LEAF ▪
91.2%
CHIN
83.5%
DILL
82%
MALL
80.7%
SOOT
80.1%
CHIP
79.8%
BALE
78.4%
CHOP
77.5%
DELL
77.1%
PILL
77.1%
▪ BALL ▪
77%
CAIN
72.1%
% Correct
MALE
68.9%
▪ BASE ▪
68%
FORD
67.7%
CROP
67.6%
FOOT
67%
GALE
65.3%
FOOD
63.5%
▪ FORT ▪
62.2%
▪ PILE ▪
60.8%
▪ DROP ▪
57.8%
▪ GAME ▪
56.6%
▪ RAIN ▪
45.8%
SNOT
44.9%
▪ SNOW ▪
40.3%

Today's Daily Dose

Remove Ads.
Support Sporcle.
Get the best of Sporcle when you Go Orange. This ad-free experience offers more features, more stats, and more fun while also helping to support Sporcle. Thank you for becoming a member.

You're not logged in!

Compare scores with friends on all Sporcle quizzes.
OR
Log In

Show Comments

Extras

Top Quizzes Today


Score Distribution

Your Account Isn't Verified!

In order to create a playlist on Sporcle, you need to verify the email address you used during registration. Go to your Sporcle Settings to finish the process.

Report this User

Report this user for behavior that violates our Community Guidelines.

Details: